Oliver twist / (Record no. 347154)

000 -LEADER
fixed length control field 00643 a2200193 4500
020 ## - INTERNATIONAL STANDARD BOOK NUMBER
International Standard Book Number 0553211021 (paperback)
020 ## - INTERNATIONAL STANDARD BOOK NUMBER
International Standard Book Number 9780553211023 (paperback)
082 04 - DEWEY DECIMAL CLASSIFICATION NUMBER
Classification number 823.8
090 ## - LOCALLY ASSIGNED LC-TYPE CALL NUMBER (OCLC); LOCAL CALL NUMBER (RLIN)
-- 4722
-- 4722
100 1# - MAIN ENTRY--PERSONAL NAME
Personal name Dickens, Charles.
245 10 - TITLE STATEMENT
Title Oliver twist /
Statement of responsibility, etc. Charles Dickens.
260 ## - PUBLICATION, DISTRIBUTION, ETC.
Place of publication, distribution, etc. [S.l.] :
Name of publisher, distributor, etc. Bantam Classics,
Date of publication, distribution, etc. 1982.
300 ## - PHYSICAL DESCRIPTION
Extent 480 p. ;
Dimensions 18 cm.
490 1# - SERIES STATEMENT
Series statement Bantam classics.
520 ## - SUMMARY, ETC.
Summary, etc. A young boy flees from an orphanage to London, only to be captured by thieves.
830 #0 - SERIES ADDED ENTRY--UNIFORM TITLE
Uniform title Bantam classics.
856 40 - ELECTRONIC LOCATION AND ACCESS
Materials specified Amazon.com
Uniform Resource Identifier <a href="http://www.amazon.com/exec/obidos/ASIN/0553211021/chopaconline-20">http://www.amazon.com/exec/obidos/ASIN/0553211021/chopaconline-20</a>
942 ## - ADDED ENTRY ELEMENTS (KOHA)
Institution code [OBSOLETE] NBS
Koha item type Book
Call number prefix 823.8 DIC
Holdings
Withdrawn status Lost status Source of classification or shelving scheme Damaged status Not for loan Permanent Location Current Location Date acquired Total Checkouts Full call number Barcode Date last seen Date last checked out Price effective from Koha item type Public note
          Central Library (CL) Central Library (CL) 08/28/2013 2 823.8 DIC NBS5622 10/16/2023 07/15/2021 08/28/2013 Book Write off File No.0908/IRC/NBS Dated Aug 16, 2018
© 2023 Central Library, National University of Sciences and Technology. All Rights Reserved.